| 000 | 00438cam a2200181ua 4500 | ||
|---|---|---|---|
| 020 | _cRs. 0.75 | ||
| 041 |
_amal _h |
||
| 082 |
_a894.8122 _bGOV/NH |
||
| 100 | _aGovindhan nair, Edassery . | ||
| 245 | _aNetiyilpadarathamulla | ||
| 250 |
_a1 / _b. |
||
| 260 |
_aKottayam : _bSahithyapravarthaka co-operative society , _c1964. |
||
| 300 | _a46 ; . | ||
| 365 | _aRs. 0.75 | ||
| 504 | _a | ||
| 942 | _cBK | ||
| 999 |
_c315 _d315 |
||